01141cam a22002297a 4500001000500000005001700005020001800022040002300040050001000063082000900073100001500082245006500097260004900162300004800211490002400259505000800283520051400291521002000805521002000825650002700845700003900872322820260106141751.0 a9781618103031 aDLCcDLCdDLCbeng00aG8371 a823 1 aGreve, Meg10aMud pie queen /cby Greve, Meg : illustrated by Poole, Helen a Florida : bRourke Educational Media,c2013 a24 pages : bcolor illustrations ; c21 cm.0 aLittle birdie books aF  aFeaturing 24 pages of colorful illustrations with a fictional story and supporting vocabulary, Mud Pie Queen introduces young readers to punctuation, sight words, and reading comprehension skills. Little Birdie Books provide a fun, informative way to approach essential educational skills. These age-appropriate readers engage early learners by using simple language and appealing topics while also featuring helpful sections like Words to Know Before You Read, Comprehension & Extension activities, and more. a320 bLexile  aF bRaz-Plus  amud pie queenvfiction1 aPoole, Helen d1979-eillustrator